[Event "Criciuma op-A"]
[Site "Criciuma"]
[Date "2024.01.14"]
[Round "4"]
[White "Matsuura, Everaldo"]
[Black "Hoffman, Alejandro"]
[Result "1/2-1/2"]
[WhiteElo "2410"]
[BlackElo "2358"]
[PlyCount "25"]
[EventDate "2024.01.12"]
[EventType "swiss"]
[EventRounds "9"]
[EventCountry "BRA"]
[SourceTitle "CB04_2024"]
[SourceDate "2023.10.16"]
[SourceVersion "1"]
[SourceVersionDate "2023.10.16"]
[SourceQuality "1"]

1. c4 c5 2. Nf3 g6 3. d4 Bg7 4. d5 Nf6 5. Nc3 d6 6. e4 0-0 7. Be2 e6 8. 0-0 exd5 9. exd5 Re8 10. Bd3 Bg4 11. h3 Bxf3 12. Qxf3 Nbd7 13. Qd1 1/2-1/2

[Event "BRA-ch 89th"]
[Site "Recife"]
[Date "2023.12.21"]
[Round "11"]
[White "Molina, Roberto Junio Brito"]
[Black "Matsuura, Everaldo"]
[Result "0-1"]
[WhiteElo "2381"]
[BlackElo "2418"]
[PlyCount "35"]
[EventDate "2023.12.13"]
[EventType "swiss"]
[EventRounds "11"]
[EventCountry "BRA"]
[SourceTitle "CB52_2023"]
[SourceDate "2023.12.27"]
[SourceVersion "1"]
[SourceVersionDate "2023.12.27"]
[SourceQuality "1"]

1. d4 d5 2. c4 c6 3. Nf3 Nf6 4. Nc3 dxc4 5. a4 e6 6. e3 c5 7. Bxc4 Nc6 8. 0-0 cxd4 9. exd4 Be7 10. Bg5 0-0 11. Re1 b6 12. Qd3 Bb7 13. Rad1 Nb4 14. Qe2 Nfd5 15. Bd2 Rc8 16. Bb3 Bg5 17. Ne5 Ba6 18. Qf3 0-1

[Event "Manaus op 2nd"]
[Site "Manaus"]
[Date "2023.10.14"]
[Round "5"]
[White "Fier, Alexandr"]
[Black "Matsuura, Everaldo"]
[Result "1-0"]
[WhiteElo "2574"]
[BlackElo "2409"]
[PlyCount "63"]
[EventDate "2023.10.11"]
[EventType "swiss"]
[EventRounds "9"]
[EventCountry "BRA"]
[SourceTitle "Mega2024 Update 01"]
[Source "Chessbase"]
[SourceDate "2023.11.12"]
[SourceVersion "1"]
[SourceVersionDate "2023.11.12"]
[SourceQuality "1"]

1. e4 c5 2. Nf3 Nc6 3. Bb5 g6 4. 0-0 Bg7 5. c3 Nf6 6. Re1 0-0 7. d4 d5 8. e5 Ne4 9. Bxc6 bxc6 10. Be3 Qb6 11. Qc1 c4 12. Nbd2 Nxd2 13. Nxd2 Bf5 14. h4 a5 15. b3 Bd3 16. Qd1 Qa6 17. h5 Rfb8 18. bxc4 Bxc4 19. e6 f6 20. Nb3 g5 21. Nc5 Qb5 22. Nd7 Rb7 23. h6 Bxh6 24. Qh5 Bg7 25. Qf7+ Kh8 26. a4 Qb2 27. Qxe7 Qxc3 28. Qc5 Rc8 29. e7 Rxd7 30. Qxc6 Rdd8 31. Bd2 Qxd2 32. e8Q+ 1-0